000 00606cam a22002053a 4500
001 44265
003 PGUSA
005 20140828084018.0
008 131123s2013||||xxu|||||s|||||000 | eng d
040 _aPGUSA
_beng
042 _adc
100 1 _aHelmi Setälä
_q(née Krohn)
245 1 0 _aSiipirikko :
_bErnst Ahlgren kirjailijana ja ihmisenä
_h[electronic resource] /
_cHelmi Setälä
260 _bProject Gutenberg,
_c2013
506 _aPublic domain in the USA.
516 _aElectronic text
830 0 _aProject Gutenberg
_v44265
856 4 0 _uhttp://www.gutenberg.org/ebooks/44265
942 _cEB
999 _c273516
_d273516